Music Quiz

Random Music Quiz

People Who Guested with DMB on #41 Quiz Stats

 Plays Quiz not verified by Sporcle

Score 0/25 Timer 05:00
0 Plays Today
First Appearance Guest % Correct
12.31.1996 - Hampton, VABéla Fleck
77.8%
7.29.2006 - Hartford, CTWarren Haynes
77.5%
6.8.1997 - Hartford, CTJeff Coffin
72.8%
10.4.1995 - Woodstock, NYTim Reynolds
71.9%
9.6.2007 - Blacksburg, VAJohn Mayer
68.9%
12.31.1996 - Hampton, VAVictor Wooten
64.2%
12.31.1996 - Hampton, VAFutureman
59.9%
9.11.2005 - Morrison, CORashawn Ross
57%
11.28.1998 - Greensboro, NCButch Taylor
48%
5.25.2007 - Lisbon, PORTom Morello
35.8%
8.15.2007 - Virginia Beach, VAJoe Lawlor
35.4%
5.15.2001 - Phoenix, AZEric Krasno
30.5%
12.31.1996 - Hampton, VAPaul McCandless
28.5%
First Appearance Guest % Correct
8.6.2000 - George, WAMitch Rutman
17.5%
8.20.1998 - Atlanta, GAHerbie Hancock
17.2%
10.30.1998 - Sacramento, CAGreg Howard
17.2%
10.8.2010 - Rio de Janeiro, BRACarlos Malta
13.9%
12.12.2012 - RaleighBranford Marsalis
12.3%
5.15.2001 - Phoenix, AZSam Kininger
11.9%
8.1.2001 - Hershey, PAJamal Millner
11.3%
5.15.2001 - Phoenix, AZNeal Evans
9.9%
7.30.2010 - West Palm Beach, FLLasim Richards
8.9%
8.25.1998 - Tampa, FLPaul Jackson
7.6%
8.25.1998 - Tampa, FLBill Summers
7.3%
10.8.2010 - Rio de Janeiro, BRAGabriel Grossi
5%

You're not logged in!

Compare scores with friends on all Sporcle quizzes.
OR
Log In

Sporcle TV

Today on Sporcle TV


Watch our educational content, quiz creation guides, and fun videos on Sporcle TV.

Show Comments

Extras

Top Quizzes Today


Score Distribution

Your Account Isn't Verified!

In order to create a playlist on Sporcle, you need to verify the email address you used during registration. Go to your Sporcle Settings to finish the process.

Report this User

Report this user for behavior that violates our Community Guidelines.

Details: